Top 10 Songs by Aerosmith - Statistics

General Stats
  • This quiz has been taken 20 times
  • The average score is 6 of 10
Answer Stats
Hint Answer % Correct
1 Dream On
76%
8 Dude (Looks Like a Lady)
71%
6 Love in an Elevator
71%
2 Walk This Way
71%
9 I Don't Want to Miss a Thing
65%
5 Back in the Saddle
53%
7 Cryin'
53%
3 Sweet Emotion
47%
4 Janie's Got a Gun
24%
10 Mama Kin
24%
No matching quizzes found
Score Distribution
Percent of People with Each Score
Percentile by Number Answered
Your Score History
You have not taken this quiz